000
00274nam a22001217a 4500
008
170821b xxu||||| |||| 00| 0 eng d
041
_a
eng
080
_a
51
100
_a
37
101
_a
MAT
245
_a
THE CALCULUS WITH ANALYTIC GEOMETRY
_c
LEITHOLD,L
942
_2
udc
_c
BK
999
_c
24165
_d
24165